000 00664nam a2200157 a 4500
008 120416s1966 ||||||||||||||||| || u
050 _aTH 845 How
100 _aHoward, Herbert S
245 1 0 _aStructure
246 _aan architect's approach
260 _aNew York
_bMcGraw-Hill
_c1966
300 _axi, 297p. : ill.
350 _a0.00
995 _aANNEX COLLECTION (Main Library)
_D0.00
_e100862
_FCBU-MAIN LIBRARY (Kitwe)
_H2
_I20.00
_jTH 845 How
_UAVAILABLE
_y016104
_ZAnnex Low-Usage Collection
995 _aMAIN LIBRARY OPEN ACCESS
_D0.00
_e715739
_FCBU-MAIN LIBRARY (Kitwe)
_H1
_I20.00
_jTH 845 How
_M2
_UWEEDED
_VJul 24, 2017
_y016103
_ZMain Library Open Access Collection
999 _c76925
_d76925